| 000 | 00972nam a2200325 a 4500 | ||
|---|---|---|---|
| 003 | AR-BaBNM | ||
| 005 | 20251128205055.0 | ||
| 008 | 082120s2002 ||||||||||||||000 | spa|| | ||
| 040 | _cAR-BaBNM | ||
| 100 | 1 | _aFin, Arthur E. | |
| 245 | 0 | 0 | _aServicio social escolar en los Estados Unidos |
| 260 |
_aBuenos Aires _bHumanitas _c1977 |
||
| 300 | _a109 p. | ||
| 490 | 0 |
_aCuadernos de Servicio Social _vv. 31 |
|
| 504 | _aContiene bibliografía al final de cada capítulo | ||
| 650 | 4 | _aASISTENCIA ESCOLAR | |
| 650 | 4 | _aSERVICIOS SOCIALES | |
| 650 | 4 | _aSERVICIOS ESCOLARES | |
| 650 | 4 | _aSERVICIOS ESCOLARES DE SALUD | |
| 650 | 4 | _aSERVICIOS DE ORIENTACION | |
| 650 | 4 | _aTRABAJADORES SOCIALES | |
| 650 | 4 | _aPSICOLOGOS ESCOLARES | |
| 650 | 4 | _aTRABAJO SOCIAL | |
| 651 | 4 | _aEstados Unidos | |
| 653 | _aGABINETES PSICOPEDAGOGICOS | ||
| 653 | _aORIENTACION EDUCATIVA | ||
| 800 | 1 |
_aSierra de Villaverde, Sela B. _esupervisión |
|
| 942 | _cBK | ||
| 998 | _csilvi | ||
| 999 |
_c9875 _d9875 |
||